Избранное: Стихотворения и поэмы

Bibliografske podrobnosti
Glavni avtor: Блок А. А. Александр Александрович
Drugi avtorji: Орлов В. (составитель)
Izvleček:Исключено из фонда НТБ ТПУ
Jezik:ruščina
Izdano: Москва, Детская литература, 1983
Izdaja:9-е изд.
Serija:Школьная библиотека
Format: MixedMaterials Knjiga
KOHA link:https://koha.lib.tpu.ru/cgi-bin/koha/opac-detail.pl?biblionumber=121185

MARC

LEADER 00000nam0a2200000 4500
001 121185
005 20231101215648.0
020 |a RU  |b 83-14331 
035 |a (RuTPU)RU\TPU\book\131226 
090 |a 121185 
100 |a 20070911d1983 d a0rusy5003 ca 
101 0 |a rus 
102 |a RU 
105 |a a z 000gy 
200 1 |a Избранное  |e Стихотворения и поэмы  |f А. А. Блок  |g сост., предисл. и примеч. В. Орлов 
205 |a 9-е изд. 
210 |a Москва  |c Детская литература  |d 1983 
215 |a 191 с.  |c ил.  |d 21 см 
225 1 |a Школьная библиотека 
333 |a Исключено из фонда НТБ ТПУ 
675 |a Р2  |z rus 
700 1 |a Блок  |b А. А.  |c русский поэт  |f 1880-1921  |g Александр Александрович  |2 stltpush  |3 (RuTPU)RU\TPU\pers\1045  |9 465 
702 1 |a Орлов  |b В.  |4 220 
801 0 |a RU  |b RuMRKP  |c 19950704  |g psbo 
801 1 |a RU  |b 63413507  |c 20070911  |g PSBO 
801 2 |a RU  |b 63413507  |c 20230214  |g PSBO 
942 |c BK